Czy rozpoznasz te sławne osoby, które mają inną płeć? - Statystyki

Ogólne statystyki
  • Ten quiz został rozwiązany 61 razy
  • Średni wynik to 4 z 16
Statystyki odpowiedzi
Obrazkowy Odpowiedź % Poprawnych
Donald Trump
96%
Michael Jackson
72%
Elon Musk
67%
Andrzej Duda
39%
Steve Jobs
30%
Iga Świątek
24%
Angela Merkel
17%
Jarosław Kaczyński
17%
Ariana Grande
7%
Robert Lewandowski
4%
Angelina Jolie
2%
Margaret Thatcher
2%
Agnieszka Radwańska
0%
Frida Kahlo
0%
Kylie Jenner
0%
Olga Tokarczuk
0%
Nie znaleziono quizów pasujących do podanych kryteriów
Rozkład punktacji
Procent ludzi z każdym wynikiem
Percentyl według liczby udzielonych odpowiedzi
Twoja historia wyników
Nie rozwiązałeś tego quizu